000 00353nam a2200133Ia 4500
008 230818s2000 xx 000 0 und d
041 _aeng
100 _aTanke
245 _aHuman Resources Management for Hospitality Indu.
260 _bDelmar pub.
_c2000
300 _a446p
520 _aHard Board | Reference Copy
999 _c854571
_d854571
650 _aMarketing Management